[Event "Scarborough CC-ch Reserves"]
[Site "Toronto CAN"]
[Date "2011.03.24"]
[Round "5"]
[White "Huston, Scott"]
[Black "Krukpka, David"]
[Result "1/2-1/2"]
[WhiteElo "1782"]
[BlackElo "2035"]
[PlyCount "73"]
[GameId "2160767909795914"]
[EventDate "2011.02.24"]
[EventType "swiss"]
[EventRounds "9"]
[EventCountry "CAN"]

1. d4 d5 2. c4 e5 3. dxe5 d4 4. Nf3 Nc6 5. a3 Be6 6. e3 dxe3 7. Qxd8+ Rxd8 8. Bxe3 Nge7 9. Be2 Ng6 10. O-O Ngxe5 11. b3 Be7 12. Nc3 Bf6 13. Rac1 a6 14. Nxe5 Nxe5 15. Ne4 Be7 16. Rfd1 Bxa3 17. Rxd8+ Kxd8 18. Rd1+ Ke7 19. Nc5 Bc8 20. f4 Nd7 21. Nxd7 Bxd7 22. Bf3 c6 23. Bd4 f6 24. g4 Bd6 25. g5 Rc8 26. Bh5 c5 27. gxf6+ gxf6 28. Re1+ Kd8 29. Be3 Bc6 30. Rd1 Kc7 31. Kf2 Rg8 32. Bf3 f5 33. Bxc6 Kxc6 34. Rd5 Rf8 35. Kg3 b5 36. Kh4 Be7+ 37. Kh5 1/2-1/2

[Event "Scarborough CC-ch Reserves"]
[Site "Toronto CAN"]
[Date "2011.03.24"]
[Round "5"]
[White "Morra, Lui"]
[Black "Verde, Pino"]
[Result "1/2-1/2"]
[WhiteElo "1831"]
[BlackElo "1694"]
[PlyCount "111"]
[GameId "2160767909795916"]
[EventDate "2011.02.24"]
[EventType "swiss"]
[EventRounds "9"]
[EventCountry "CAN"]
[SourceTitle "EXT 2022"]
[Source "ChessBase"]
[SourceDate "2021.10.06"]
[SourceVersion "1"]
[SourceVersionDate "2021.10.06"]
[SourceQuality "1"]

1. e4 g6 2. d4 Bg7 3. c4 d6 4. Nc3 c5 5. d5 Nd7 6. Be3 Qb6 7. Qd2 Ne5 8. f3 h5 9. h3 Qb4 10. Rc1 Nxc4 11. Bxc4 Qxc4 12. Nge2 Nf6 13. O-O Nd7 14. a4 Qb4 15. f4 Nb6 16. b3 Bd7 17. Rb1 Rc8 18. f5 gxf5 19. exf5 c4 20. bxc4 Qxc4 21. Rbc1 Qa6 22. Bd4 Bh6 23. Nf4 Rg8 24. Qe1 Bxf5 25. Bf6 Rc7 26. Nb5 Rd7 27. Nxd6+ Kf8 28. Nxf5 exf6 29. Nxh6 Rg5 30. Qb4+ Kg7 31. Qd4 Nxd5 32. Nxd5 Rdxd5 33. Qb4 Qb6+ 34. Qxb6 axb6 35. Nxf7 Kxf7 36. Rc7+ Kg6 37. Rxb7 Rd2 38. Rf2 Rd6 39. Rb2 Rd1+ 40. Kf2 Rf5+ 41. Ke2 Rg1 42. Ke3 Ra5 43. Ra2 Rb1 44. Kd3 Rb4 45. Ke3 b5 46. Rb6 Kg5 47. Kd3 f5 48. Kc3 Rc4+ 49. Kb3 Rc5 50. Kb4 bxa4 51. Rxa4 Rxa4+ 52. Kxc5 Ra2 53. Rb8 Ra6 54. Rg8+ Rg6 55. Rxg6+ Kxg6 56. Kd4 1/2-1/2

[Event "Scarborough CC-ch Reserves"]
[Site "Toronto CAN"]
[Date "2011.03.24"]
[Round "5"]
[White "Paterson, Jim"]
[Black "Xie, Peter"]
[Result "1-0"]
[WhiteElo "1825"]
[BlackElo "1681"]
[PlyCount "31"]
[GameId "2160767909795917"]
[EventDate "2011.02.24"]
[EventType "swiss"]
[EventRounds "9"]
[EventCountry "CAN"]
[SourceTitle "EXT 2022"]
[Source "ChessBase"]
[SourceDate "2021.10.06"]
[SourceVersion "1"]
[SourceVersionDate "2021.10.06"]
[SourceQuality "1"]

1. e4 e5 2. Nc3 g6 3. Bc4 Bg7 4. Nf3 Nc6 5. d3 h6 6. Be3 d6 7. h3 Nd4 8. Bxd4 exd4 9. Ne2 c5 10. Qd2 Ne7 11. Nf4 a6 12. a4 g5 13. Nh5 O-O 14. Nxg5 hxg5 15. Qxg5 Ng6 16. Qxg6 1-0

[Event "Scarborough CC-ch Reserves"]
[Site "Toronto CAN"]
[Date "2011.03.24"]
[Round "5"]
[White "Philip, Andrew"]
[Black "Radpey, Abdolreza"]
[Result "0-1"]
[WhiteElo "1640"]
[BlackElo "1646"]
[PlyCount "74"]
[GameId "2160767909795918"]
[EventDate "2011.02.24"]
[EventType "swiss"]
[EventRounds "9"]
[EventCountry "CAN"]
[SourceTitle "EXT 2022"]
[Source "ChessBase"]
[SourceDate "2021.10.06"]
[SourceVersion "1"]
[SourceVersionDate "2021.10.06"]
[SourceQuality "1"]

1. d4 Nf6 2. Bg5 h6 3. Bxf6 exf6 4. e3 d5 5. Nd2 Be6 6. g3 f5 7. Bg2 g5 8. Ne2 Bg7 9. c3 O-O 10. h4 f6 11. Qb3 b6 12. c4 dxc4 13. Qa4 c6 14. Nc3 b5 15. Nxb5 Qb6 16. Nxc4 Qxb5 17. Qxb5 cxb5 18. Nd6 Na6 19. Bxa8 Rxa8 20. a3 Rb8 21. Rc1 Bd7 22. g4 fxg4 23. Ne4 Rb6 24. b4 Bc6 25. Nxf6+ Bxf6 26. Rg1 h5 27. hxg5 Bxg5 28. f4 Bh4+ 29. Kd2 Bf2 30. Rgf1 g3 31. Kd3 Bg2 32. Rfd1 Rc6 33. Ra1 Rc4 34. Ra2 Nc7 35. Rdd2 Nd5 36. Rxf2 Rc3+ 37. Kd2 gxf2 0-1

[Event "Scarborough CC-ch Reserves"]
[Site "Toronto CAN"]
[Date "2011.03.24"]
[Round "5"]
[White "Posaratnanathan, Juliaan"]
[Black "Jizan, Masoud"]
[Result "1-0"]
[WhiteElo "1884"]
[BlackElo "1731"]
[PlyCount "93"]
[GameId "2160767909795919"]
[EventDate "2011.02.24"]
[EventType "swiss"]
[EventRounds "9"]
[EventCountry "CAN"]
[SourceTitle "EXT 2022"]
[Source "ChessBase"]
[SourceDate "2021.10.06"]
[SourceVersion "1"]
[SourceVersionDate "2021.10.06"]
[SourceQuality "1"]

1. e4 c5 2. Nf3 Nc6 3. d4 cxd4 4. Nxd4 g6 5. c4 Bg7 6. Be3 Nf6 7. Nc3 O-O 8. Be2 d6 9. O-O Bd7 10. Qd2 Qc8 11. f3 Ne5 12. Nd5 Re8 13. Rac1 Qd8 14. Rc2 e6 15. Nxf6+ Bxf6 16. f4 Nc6 17. Nb5 Be7 18. Nxd6 Bxd6 19. Qxd6 Qe7 20. Rd2 Qxd6 21. Rxd6 Red8 22. Rfd1 Be8 23. Rxd8 Nxd8 24. b4 Bc6 25. Bf3 f5 26. Rd4 a6 27. Kf2 Nf7 28. exf5 Bxf3 29. fxe6 Nd8 30. Kxf3 Nxe6 31. Rd7 Rb8 32. Re7 Ng7 33. g4 Kf8 34. Bc5 Kg8 35. Bd4 Ne8 36. f5 gxf5 37. gxf5 h5 38. c5 Rd8 39. Ke4 b5 40. c6 Nd6+ 41. Kf4 Rf8 42. Rg7+ Kh8 43. Rg6+ Kh7 44. Rxd6 Rg8 45. Rg6 Rxg6 46. fxg6+ Kxg6 47. c7 1-0

[Event "Scarborough CC-ch Reserves"]
[Site "Toronto CAN"]
[Date "2011.03.24"]
[Round "5"]
[White "Sharpe, Sam"]
[Black "Su, Stanley"]
[Result "1-0"]
[WhiteElo "1909"]
[BlackElo "1802"]
[PlyCount "87"]
[GameId "2160767909795920"]
[EventDate "2011.02.24"]
[EventType "swiss"]
[EventRounds "9"]
[EventCountry "CAN"]
[SourceTitle "EXT 2022"]
[Source "ChessBase"]
[SourceDate "2021.10.06"]
[SourceVersion "1"]
[SourceVersionDate "2021.10.06"]
[SourceQuality "1"]

1. Nf3 Nf6 2. g3 g6 3. Bg2 Bg7 4. O-O O-O 5. d3 d5 6. Nbd2 c5 7. e4 d4 8. a4 Nc6 9. Nc4 e5 10. Nfxe5 Nxe5 11. Nxe5 Nxe4 12. Nxf7 Rxf7 13. Bxe4 Bh3 14. Re1 Qd7 15. Bd2 Raf8 16. f3 Kh8 17. Qe2 Qd6 18. b3 Re8 19. Rab1 b6 20. Kh1 a5 21. Rg1 Bd7 22. Rbe1 Qf6 23. Qg2 Rfe7 24. Re2 Qd6 25. Rge1 Be6 26. f4 Qd7 27. Bf3 Bh3 28. Qf2 Re6 29. Rxe6 Rxe6 30. Rxe6 Qxe6 31. Qe2 Kg8 32. g4 Qd7 33. Kg1 Kf7 34. Kf2 h5 35. gxh5 Bf6 36. hxg6+ Kxg6 37. Be4+ Kg7 38. Qh5 Kf8 39. f5 b5 40. axb5 Qxb5 41. Qxh3 a4 42. Qh6+ Bg7 43. Qd6+ Ke8 44. Bc6+ 1-0

[Event "Scarborough CC-ch Reserves"]
[Site "Toronto CAN"]
[Date "2011.03.24"]
[Round "5"]
[White "Stavropoulos, Greg"]
[Black "Gillis, Doug"]
[Result "1/2-1/2"]
[WhiteElo "1917"]
[BlackElo "1623"]
[PlyCount "41"]
[GameId "2160767909795921"]
[EventDate "2011.02.24"]
[EventType "swiss"]
[EventRounds "9"]
[EventCountry "CAN"]
[SourceTitle "EXT 2022"]
[Source "ChessBase"]
[SourceDate "2021.10.06"]
[SourceVersion "1"]
[SourceVersionDate "2021.10.06"]
[SourceQuality "1"]

1. c4 Nf6 2. Nc3 e6 3. Nf3 d5 4. d4 c5 5. e3 Nc6 6. Be2 Be7 7. O-O O-O 8. a3 dxc4 9. Bxc4 cxd4 10. exd4 a6 11. h3 Qc7 12. Qe2 b5 13. Bd3 Rd8 14. Be3 Bb7 15. Rac1 Qd6 16. Rfd1 Rac8 17. Ne4 Nxe4 18. Bxe4 f5 19. Bxc6 Bxc6 20. Ne5 Qd5 21. f3 1/2-1/2

[Event "Scarborough CC-ch Reserves"]
[Site "Toronto CAN"]
[Date "2011.03.24"]
[Round "5"]
[White "Triefeldt, Jack"]
[Black "Mesiti, Silvano"]
[Result "1-0"]
[WhiteElo "1812"]
[BlackElo "1626"]
[PlyCount "89"]
[GameId "2160767909795922"]
[EventDate "2011.02.24"]
[EventType "swiss"]
[EventRounds "9"]
[EventCountry "CAN"]
[SourceTitle "EXT 2022"]
[Source "ChessBase"]
[SourceDate "2021.10.06"]
[SourceVersion "1"]
[SourceVersionDate "2021.10.06"]
[SourceQuality "1"]

1. f4 b6 2. e4 Bb7 3. Nc3 Nf6 4. d3 e6 5. Nf3 Bc5 6. Na4 Be7 7. c4 O-O 8. Be2 Nc6 9. O-O a6 10. Nc3 Bc5+ 11. Kh1 Nd4 12. Nxd4 Bxd4 13. e5 Ne8 14. Bf3 d5 15. cxd5 exd5 16. Ne2 Bc5 17. d4 Be7 18. Nc3 c5 19. dxc5 Bxc5 20. Bxd5 Qc7 21. Qf3 Rb8 22. Be3 Bxe3 23. Qxe3 Qd8 24. Rfd1 Bxd5 25. Nxd5 Qh4 26. g3 Qh3 27. Nxb6 Nc7 28. b3 Rfd8 29. a4 h5 30. a5 h4 31. Kg1 Qg4 32. Re1 h3 33. Qe2 Qe6 34. Qc4 Qxc4 35. bxc4 Rd2 36. Red1 Rg2+ 37. Kh1 Ne6 38. Rd5 Rc2 39. Rad1 Rb7 40. R5d2 Rc3 41. Kg1 Nc5 42. Re2 Ra3 43. Nd5 Rxa5 44. Kf2 Ra4 45. Rc2 1-0

[Event "Scarborough CC-ch Reserves"]
[Site "Toronto CAN"]
[Date "2011.03.24"]
[Round "5"]
[White "Ugodnikov, Arkadiy"]
[Black "Maister, Martin"]
[Result "0-1"]
[WhiteElo "1854"]
[BlackElo "1772"]
[PlyCount "64"]
[GameId "2160767909795923"]
[EventDate "2011.02.24"]
[EventType "swiss"]
[EventRounds "9"]
[EventCountry "CAN"]
[SourceTitle "EXT 2022"]
[Source "ChessBase"]
[SourceDate "2021.10.06"]
[SourceVersion "1"]
[SourceVersionDate "2021.10.06"]
[SourceQuality "1"]

1. e4 c5 2. Nf3 d6 3. Bb5+ Bd7 4. Bxd7+ Qxd7 5. c4 Nc6 6. Nc3 g6 7. d4 cxd4 8. Nxd4 Bg7 9. Be3 Nf6 10. f3 O-O 11. O-O Rac8 12. b3 a6 13. a4 e6 14. Nde2 d5 15. cxd5 exd5 16. exd5 Nb4 17. Rc1 Nbxd5 18. Nxd5 Qxd5 19. Qxd5 Nxd5 20. Bd2 Bb2 21. Rxc8 Rxc8 22. Bc1 Rc2 23. Re1 Bxc1 24. Nxc1 Kf8 25. Kf1 Nf4 26. g3 Ne6 27. h4 Nd4 28. f4 Nf5 29. Ne2 Rb2 30. Rc1 Rxb3 31. Kf2 Nd6 32. Nc3 Rxc3 0-1

[Event "Scarborough CC-ch Reserves"]
[Site "Toronto CAN"]
[Date "2011.03.24"]
[Round "5"]
[White "Ward, Dean"]
[Black "Moran-Venegas, Mario"]
[Result "0-1"]
[WhiteElo "1811"]
[BlackElo "1773"]
[PlyCount "58"]
[GameId "2160767909795924"]
[EventDate "2011.02.24"]
[EventType "swiss"]
[EventRounds "9"]
[EventCountry "CAN"]
[SourceTitle "EXT 2022"]
[Source "ChessBase"]
[SourceDate "2021.10.06"]
[SourceVersion "1"]
[SourceVersionDate "2021.10.06"]
[SourceQuality "1"]

1. d4 Nf6 2. c4 g6 3. Nc3 d5 4. Bg5 Ne4 5. Nxe4 dxe4 6. Qa4+ Nd7 7. e3 Bg7 8. Ne2 O-O 9. Nc3 h6 10. Bh4 g5 11. Bg3 Nf6 12. Qc2 Bf5 13. f3 Bg6 14. Nxe4 Nxe4 15. fxe4 c5 16. d5 Qa5+ 17. Kf2 f5 18. e5 f4 19. Qxg6 fxg3+ 20. Kxg3 Qd2 21. Qe4 Qf2+ 22. Kh3 h5 23. g3 Rf5 24. Bd3 g4+ 25. Kh4 Rxe5 26. Qh7+ Kf8 27. Bf5 Rxf5 28. Qxf5+ Qxf5 29. Raf1 Bf6# 0-1

[Event "Scarborough CC-ch Reserves"]
[Site "Toronto CAN"]
[Date "2011.03.24"]
[Round "5"]
[White "Wiebe, Daniel"]
[Black "Cale, Ferdinand"]
[Result "1-0"]
[WhiteElo "1936"]
[BlackElo "1679"]
[PlyCount "33"]
[GameId "2160767909795925"]
[EventDate "2011.02.24"]
[EventType "swiss"]
[EventRounds "9"]
[EventCountry "CAN"]
[SourceTitle "EXT 2022"]
[Source "ChessBase"]
[SourceDate "2021.10.06"]
[SourceVersion "1"]
[SourceVersionDate "2021.10.06"]
[SourceQuality "1"]

1. e4 e5 2. Nf3 d6 3. d4 Bg4 4. dxe5 Bxf3 5. Qxf3 dxe5 6. Bc4 Nf6 7. O-O c6 8. Bg5 b5 9. Bb3 Be7 10. a4 b4 11. Rd1 Qc7 12. Nd2 O-O 13. Nc4 Nbd7 14. Qf5 Rad8 15. Rd3 g6 16. Bxf6 gxf5 17. Rg3# 1-0

[Event "Scarborough CC-ch Reserves"]
[Site "Toronto CAN"]
[Date "2011.03.24"]
[Round "5"]
[White "Zotkin, Daniel"]
[Black "Zhang, John"]
[Result "0-1"]
[WhiteElo "1681"]
[BlackElo "1612"]
[PlyCount "111"]
[GameId "2160767909795926"]
[EventDate "2011.02.24"]
[EventType "swiss"]
[EventRounds "9"]
[EventCountry "CAN"]
[SourceTitle "EXT 2022"]
[Source "ChessBase"]
[SourceDate "2021.10.06"]
[SourceVersion "1"]
[SourceVersionDate "2021.10.06"]
[SourceQuality "1"]

1. e4 e5 2. Nf3 Nc6 3. Bc4 Nf6 4. Ng5 d5 5. exd5 Na5 6. Bb5+ c6 7. dxc6 bxc6 8. Be2 Bc5 9. Nc3 O-O 10. O-O h6 11. Nge4 Nxe4 12. Nxe4 Bb6 13. d3 f5 14. Nc3 Rf6 15. Kh1 Qd7 16. f4 Bc7 17. Bd2 c5 18. Qe1 Bb7 19. Qg3 Qe8 20. a4 Rg6 21. Qf2 Bxg2+ 22. Qxg2 Rxg2 23. Kxg2 Qg6+ 24. Kh1 exf4 25. Bxf4 Bxf4 26. Rxf4 Nc6 27. Bf3 Re8 28. Rg1 Qf6 29. Nd5 Qxb2 30. Rxf5 Rf8 31. Rxf8+ Kxf8 32. Rf1 Kg8 33. Bh5 Qe5 34. Bf7+ Kh8 35. Nf4 Ne7 36. Ng6+ Nxg6 37. Bxg6 Qd6 38. Be4 g5 39. Rf7 Qb6 40. Rb7 Qa5 41. Rh7+ Kg8 42. Rxh6 Qe1+ 43. Kg2 Qe2+ 44. Kg3 Qe3+ 45. Kg2 Qd2+ 46. Kg3 Qxc2 47. Rg6+ Kf7 48. Rxg5 c4 49. Rc5 Qxa4 50. Rxc4 Qa1 51. Rc7+ Ke6 52. Rc6+ Kd7 53. Kg2 a5 54. Ra6 a4 55. Bc6+ Kc7 56. Bxa4 0-1

[Event "Scarborough CC-ch Reserves"]
[Site "Toronto CAN"]
[Date "2011.03.11"]
[Round "6"]
[White "Song, Lin"]
[Black "Armstrong, Robert J"]
[Result "1-0"]
[WhiteElo "1796"]
[BlackElo "1715"]
[PlyCount "90"]
[GameId "2160767909795927"]
[EventDate "2011.02.24"]
[EventType "swiss"]
[EventRounds "9"]
[EventCountry "CAN"]
[SourceTitle "EXT 2022"]
[Source "ChessBase"]
[SourceDate "2021.10.06"]
[SourceVersion "1"]
[SourceVersionDate "2021.10.06"]
[SourceQuality "1"]

1. e4 g6 2. d4 Bg7 3. f4 d6 4. Nf3 Nf6 5. Bd3 O-O 6. O-O c5 7. c3 cxd4 8. cxd4 Qb6 9. Nc3 Nc6 10. Na4 Qa5 11. Bd2 Qh5 12. d5 Nd4 13. Nxd4 Ng4 14. Nf3 Bd4+ 15. Kh1 Nf2+ 16. Rxf2 Bxf2 17. Be2 Qh6 18. f5 Qg7 19. Bc3 Qh6 20. Qf1 Bg3 21. Bd3 Bf4 22. Bd4 Qh5 23. Re1 f6 24. fxg6 hxg6 25. Be3 Bg3 26. Bf2 Bf4 27. Be3 Bg3 28. Rc1 Bg4 29. Kg1 Be5 30. h3 Bd7 31. Bb5 Bxb5 32. Qxb5 f5 33. exf5 Rxf5 34. Rc4 Bg3 35. Qxb7 Raf8 36. Rg4 Rxf3 37. gxf3 Qxh3 38. Rxg6+ Kf7 39. Rg5 Bh2+ 40. Kf2 Be5 41. Qb4 Rg8 42. Rxg8 Kxg8 43. Qg4+ Qxg4 44. fxg4 Kf7 45. Bxa7 Kg6 1-0

[Event "Scarborough CC-ch Reserves"]
[Site "Toronto CAN"]
[Date "2011.03.31"]
[Round "6"]
[White "Bellomo, Joe"]
[Black "Mesiti, Silvano"]
[Result "1/2-1/2"]
[WhiteElo "1763"]
[BlackElo "1626"]
[PlyCount "106"]
[GameId "2160767909795928"]
[EventDate "2011.02.24"]
[EventType "swiss"]
[EventRounds "9"]
[EventCountry "CAN"]
[SourceTitle "EXT 2022"]
[Source "ChessBase"]
[SourceDate "2021.10.06"]
[SourceVersion "1"]
[SourceVersionDate "2021.10.06"]
[SourceQuality "1"]

1. e4 g6 2. d4 Bg7 3. Nf3 d6 4. Be2 Nc6 5. O-O Nf6 6. Nbd2 O-O 7. c3 b6 8. Re1 Bb7 9. d5 Ne5 10. Nxe5 dxe5 11. Bf3 c6 12. c4 Qc7 13. Nf1 Rfd8 14. Bg5 Ne8 15. Rc1 f6 16. Be3 c5 17. Qd2 Nd6 18. Bh6 Bc8 19. Bxg7 Kxg7 20. Ng3 Ba6 21. b3 Bc8 22. h4 Nf7 23. Kh2 Bd7 24. Rh1 Qc8 25. Qe2 Nh6 26. Kg1 Bg4 27. Bxg4 Qxg4 28. Qxg4 Nxg4 29. f3 Nh6 30. Kf2 Nf7 31. Ne2 Nd6 32. h5 g5 33. g4 h6 34. Ng3 a5 35. a4 Kf7 36. Rhd1 Kg7 37. Ke3 Kf7 38. Rd3 Kg7 39. Rcd1 Kf7 40. Nf5 Nxf5+ 41. exf5 Rd6 42. R1d2 Rad8 43. Ke4 R8d7 44. Re2 Rc7 45. Rde3 Rcd7 46. Kd3 Rc7 47. Rg2 Rcd7 48. Kc3 Rc7 49. Rc2 Rcd7 50. Rd3 Rc7 51. Rd1 Rcd7 52. Rb1 Rc7 53. Rh2 Rcd7 1/2-1/2

[Event "Scarborough CC-ch Reserves"]
[Site "Toronto CAN"]
[Date "2011.03.31"]
[Round "6"]
[White "Gaffney, Kevin"]
[Black "Triefeldt, Jack"]
[Result "1-0"]
[WhiteElo "1642"]
[BlackElo "1812"]
[PlyCount "47"]
[GameId "2160767909795929"]
[EventDate "2011.02.24"]
[EventType "swiss"]
[EventRounds "9"]
[EventCountry "CAN"]
[SourceTitle "EXT 2022"]
[Source "ChessBase"]
[SourceDate "2021.10.06"]
[SourceVersion "1"]
[SourceVersionDate "2021.10.06"]
[SourceQuality "1"]

1. e4 e6 2. d4 d5 3. exd5 exd5 4. c4 Nf6 5. Nc3 Bb4 6. Nf3 O-O 7. Bd3 dxc4 8. Bxc4 Nc6 9. O-O Bg4 10. Be3 a6 11. Rc1 b5 12. Be2 Ne7 13. h3 Bh5 14. Qb3 Bd6 15. Bg5 Rc8 16. Rfd1 Bg6 17. Ne5 Qe8 18. Bf3 c5 19. Nxg6 hxg6 20. dxc5 Bxc5 21. Bxf6 gxf6 22. Ne4 Bxf2+ 23. Kxf2 Kg7 24. Nd6 1-0

[Event "Scarborough CC-ch Reserves"]
[Site "Toronto CAN"]
[Date "2011.03.31"]
[Round "6"]
[White "Gillis, Doug"]
[Black "Sharpe, Sam"]
[Result "0-1"]
[WhiteElo "1623"]
[BlackElo "1909"]
[PlyCount "78"]
[GameId "2160767909795930"]
[EventDate "2011.02.24"]
[EventType "swiss"]
[EventRounds "9"]
[EventCountry "CAN"]
[SourceTitle "EXT 2022"]
[Source "ChessBase"]
[SourceDate "2021.10.06"]
[SourceVersion "1"]
[SourceVersionDate "2021.10.06"]
[SourceQuality "1"]

1. d4 d6 2. Nc3 g6 3. e4 Bg7 4. h3 Nd7 5. Nf3 a6 6. Be3 b5 7. Qd2 Bb7 8. Bd3 c5 9. O-O Ngf6 10. Bh6 Bxh6 11. Qxh6 c4 12. Be2 Nxe4 13. Nxe4 Bxe4 14. Qg7 Rf8 15. Ng5 Nf6 16. Nxe4 Nxe4 17. Bf3 d5 18. Bxe4 dxe4 19. Rfe1 Qd5 20. Qe5 Qxe5 21. dxe5 O-O-O 22. Rxe4 Rd2 23. Rc1 Rfd8 24. Kf1 Kd7 25. Re3 Ke6 26. Ra3 Kxe5 27. Rxa6 Rd1+ 28. Rxd1 Rxd1+ 29. Ke2 Rb1 30. Kd2 Rxb2 31. Ra7 Kf6 32. Rb7 b4 33. a4 bxa3 34. Ra7 Ra2 35. Kc3 Ra1 36. Kxc4 a2 37. Kb3 Rf1 38. Rxa2 Rxf2 39. Ra6+ e6 0-1

[Event "Scarborough CC-ch Reserves"]
[Site "Toronto CAN"]
[Date "2011.03.31"]
[Round "6"]
[White "Huston, Scott"]
[Black "Bzikot, Robert"]
[Result "0-1"]
[WhiteElo "1782"]
[BlackElo "1995"]
[PlyCount "104"]
[GameId "2160767909795931"]
[EventDate "2011.02.24"]
[EventType "swiss"]
[EventRounds "9"]
[EventCountry "CAN"]
[SourceTitle "EXT 2022"]
[Source "ChessBase"]
[SourceDate "2021.10.06"]
[SourceVersion "1"]
[SourceVersionDate "2021.10.06"]
[SourceQuality "1"]

1. d4 f5 2. c4 Nf6 3. Nc3 g6 4. Nf3 Bg7 5. Bf4 d6 6. e3 O-O 7. Bd3 c6 8. h3 Nbd7 9. a4 Qa5 10. Rb1 Ne4 11. Bxe4 fxe4 12. b4 Qf5 13. g4 Qf7 14. Ng5 Qxc4 15. Ncxe4 h6 16. Nf3 Qe6 17. Ned2 Rxf4 18. O-O Rf8 19. Qc2 Nb6 20. Nh4 Kh7 21. Rbc1 Qf6 22. Ng2 e5 23. dxe5 dxe5 24. f4 Bd7 25. a5 Nd5 26. Qd3 Nxb4 27. Qxd7 Rf7 28. g5 Rxd7 29. gxf6 Bxf6 30. fxe5 Bxe5 31. Nc4 Bg7 32. Rfd1 Rad8 33. Rxd7 Rxd7 34. Nf4 Nd5 35. Rd1 Nf6 36. Rxd7 Nxd7 37. Kf2 Kg8 38. Nxg6 Kf7 39. Nf4 Ke7 40. Kf3 Ne5+ 41. Nxe5 Bxe5 42. Ne2 a6 43. Ke4 Bc7 44. Kd4 Kd6 45. Ng3 Ke6 46. Ne4 Bxa5 47. Nc5+ Ke7 48. Nxb7 Bb6+ 49. Ke5 Bxe3 50. Nd6 Bf4+ 51. Kxf4 Kxd6 52. Kf5 a5 0-1

[Event "Scarborough CC-ch Reserves"]
[Site "Toronto CAN"]
[Date "2011.03.31"]
[Round "6"]
[White "Krupka, David"]
[Black "Bao, Stephen"]
[Result "1-0"]
[WhiteElo "2035"]
[BlackElo "1773"]
[PlyCount "92"]
[GameId "2160767909795932"]
[EventDate "2011.02.24"]
[EventType "swiss"]
[EventRounds "9"]
[EventCountry "CAN"]
[SourceTitle "EXT 2022"]
[Source "ChessBase"]
[SourceDate "2021.10.06"]
[SourceVersion "1"]
[SourceVersionDate "2021.10.06"]
[SourceQuality "1"]

1. d4 Nf6 2. c4 e6 3. Nc3 Bb4 4. Bg5 h6 5. Bh4 O-O 6. Qc2 d5 7. e3 g5 8. Bg3 Ne4 9. Bd3 f5 10. f3 Nxc3 11. bxc3 Ba5 12. Ne2 Nd7 13. cxd5 exd5 14. Bxf5 Qe7 15. Bf2 Nb6 16. Bd3 Bd7 17. O-O Rf7 18. e4 Raf8 19. Ng3 Qa3 20. Rac1 Na4 21. c4 Nb2 22. Be2 Ba4 23. Qb1 Bd2 24. Nf5 Rf6 25. cxd5 Bxc1 26. Qxc1 R8f7 27. h4 Bd7 28. hxg5 hxg5 29. Qxg5+ Kh8 30. Qh4+ Kg8 31. Nh6+ Rxh6 32. Qxh6 Nd3 33. Bg3 Qc3 34. Qe3 Bb5 35. Bxd3 Qxd3 36. Qxd3 Bxd3 37. Rc1 Rg7 38. Kf2 b5 39. Rxc7 Rxc7 40. Bxc7 Bc4 41. a3 Kf7 42. Ke3 Ke7 43. g4 Kd7 44. Ba5 Bf1 45. e5 Bc4 46. Ke4 Bb3 1-0

[Event "Scarborough CC-ch Reserves"]
[Site "Toronto CAN"]
[Date "2011.03.31"]
[Round "6"]
[White "Lin, Tony (Juntao)"]
[Black "Posaratnanathan, Juliaan"]
[Result "1/2-1/2"]
[WhiteElo "1936"]
[BlackElo "1884"]
[PlyCount "96"]
[GameId "2160767909795933"]
[EventDate "2011.02.24"]
[EventType "swiss"]
[EventRounds "9"]
[EventCountry "CAN"]

1. e4 c5 2. Nf3 Nc6 3. Bb5 g6 4. O-O Bg7 5. Re1 Nf6 6. Nc3 O-O 7. h3 Nd4 8. Bc4 e6 9. e5 Ne8 10. Nxd4 cxd4 11. Nb5 d6 12. exd6 Nxd6 13. Nxd6 Qxd6 14. d3 Qc6 15. a4 b6 16. Bb5 Qd5 17. Bc4 Qc6 18. Bf4 Bb7 19. f3 a6 20. Be5 Rfc8 21. Bxg7 Kxg7 22. Qe2 Qd6 23. Qe5+ Qxe5 24. Rxe5 Rc5 25. Rae1 Rac8 26. b4 Rxe5 27. Rxe5 Kf6 28. f4 h6 29. Re2 g5 30. Rf2 Kg6 31. g4 Rc7 32. Kh2 gxf4 33. Rxf4 e5 34. Rf5 f6 35. Bb3 Rd7 36. Rf1 Bd5 37. Bxd5 Rxd5 38. Rb1 Rd7 39. a5 b5 40. Kg3 Rc7 41. Rb2 Rc3 42. Kf3 f5 43. Kg3 e4 44. Kf4 exd3 45. gxf5+ Kf6 46. cxd3 Rxd3 47. Ke4 Rxh3 48. Kxd4 Kxf5 1/2-1/2

[Event "Scarborough CC-ch Reserves"]
[Site "Toronto CAN"]
[Date "2011.03.31"]
[Round "6"]
[White "Maister, Martin"]
[Black "Xie, Peter"]
[Result "1-0"]
[WhiteElo "1772"]
[BlackElo "1681"]
[PlyCount "55"]
[GameId "2160767909795934"]
[EventDate "2011.02.24"]
[EventType "swiss"]
[EventRounds "9"]
[EventCountry "CAN"]
[SourceTitle "EXT 2022"]
[Source "ChessBase"]
[SourceDate "2021.10.06"]
[SourceVersion "1"]
[SourceVersionDate "2021.10.06"]
[SourceQuality "1"]

1. Nf3 Nf6 2. c4 g6 3. Nc3 Bg7 4. e4 d6 5. d4 O-O 6. Be2 e5 7. O-O Nc6 8. d5 Ne7 9. Ne1 Nd7 10. f4 f5 11. exf5 Nxf5 12. Nf3 exf4 13. Bxf4 Qe8 14. Qd2 Ne5 15. Nxe5 Bxe5 16. Bxe5 Qxe5 17. Rae1 Qg7 18. Ne4 Bd7 19. Bg4 Ne3 20. Rxf8+ Rxf8 21. Bxd7 Nxc4 22. Be6+ Kh8 23. Qc3 Ne5 24. b3 a6 25. Qa1 Rf4 26. Ng3 h5 27. Rf1 Rg4 28. Bxg4 1-0

[Event "Scarborough CC-ch Reserves"]
[Site "Toronto CAN"]
[Date "2011.03.31"]
[Round "6"]
[White "Moran-Venegas, Mario"]
[Black "Stavropoulos, Greg"]
[Result "1/2-1/2"]
[WhiteElo "1812"]
[BlackElo "1917"]
[PlyCount "99"]
[GameId "2160767909795935"]
[EventDate "2011.02.24"]
[EventType "swiss"]
[EventRounds "9"]
[EventCountry "CAN"]
[SourceTitle "EXT 2022"]
[Source "ChessBase"]
[SourceDate "2021.10.06"]
[SourceVersion "1"]
[SourceVersionDate "2021.10.06"]
[SourceQuality "1"]

1. e4 c5 2. Nf3 e6 3. d4 cxd4 4. Nxd4 a6 5. c4 Nf6 6. Nc3 d6 7. Be2 Be7 8. O-O Nbd7 9. Be3 Qc7 10. Rc1 b6 11. Qc2 Bb7 12. b4 Rc8 13. a3 Ne5 14. Qa4+ Qd7 15. Qxd7+ Nfxd7 16. Na4 Bxe4 17. c5 b5 18. cxd6 Rxc1 19. Rxc1 Bd8 20. Nc5 Nxc5 21. bxc5 Nc6 22. a4 Bf6 23. Nxc6 Bxc6 24. axb5 axb5 25. Rb1 O-O 26. Bxb5 Rb8 27. Bd3 Rxb1+ 28. Bxb1 Kf8 29. f3 Ke8 30. Be4 Kd7 31. Bxc6+ Kxc6 32. Kf1 Bc3 33. Ke2 f6 34. Kd3 Bb4 35. Kc4 Ba5 36. Bd4 Bd2 37. Bc3 Be3 38. Bb4 e5 39. h3 Bf2 40. g4 g6 41. Ba5 f5 42. gxf5 gxf5 43. Bc3 Bxc5 44. Bxe5 Bxd6 45. Bxd6 Kxd6 46. Kd4 Ke6 47. f4 Kd6 48. Kc4 Kc6 49. h4 h5 50. Kd4 1/2-1/2